Indian polity. (Record no. 1006)

MARC details
000 -LEADER
fixed length control field 00501cam a2200205ua 4500
001 - CONTROL NUMBER
control field 1090
005 - DATE AND TIME OF LATEST TRANSACTION
control field 20260515113257.0
008 - FIXED-LENGTH DATA ELEMENTS--GENERAL INFORMATION
fixed length control field 110428n ii |||gr||||Z||||||eng
020 ## - INTERNATIONAL STANDARD BOOK NUMBER
International Standard Book Number 978-0-07-063590-6
040 ## - CATALOGING SOURCE
Transcribing agency MAIN
082 ## - DEWEY DECIMAL CLASSIFICATION NUMBER
Classification number 320.954
245 1# - TITLE STATEMENT
Title Indian polity.
Statement of responsibility, etc. By M Laxmikanth.
250 ## - EDITION STATEMENT
Edition statement 2nd.
260 ## - PUBLICATION, DISTRIBUTION, ETC.
Place of publication, distribution, etc. New Delhi.:
Name of publisher, distributor, etc. Mcgrahill.,
Date of publication, distribution, etc. 2008.
300 ## - PHYSICAL DESCRIPTION
Extent xxi, 489 p.:
Dimensions 30 cm.
653 ## - INDEX TERM--UNCONTROLLED
Uncontrolled term Political science.
653 ## - INDEX TERM--UNCONTROLLED
Uncontrolled term Indian polity.
700 ## - ADDED ENTRY--PERSONAL NAME
Personal name Laxmikanth, M.,
942 ## - ADDED ENTRY ELEMENTS (KOHA)
Koha item type Books
Holdings
Withdrawn status Lost status Damaged status Not for loan Home library Current library Shelving location Date acquired Total checkouts Full call number Barcode Date last seen Date last checked out Copy number Price effective from Koha item type
        Naharkatiya College Library Naharkatiya College Library General stacks 09/19/2020 15 320.954 | LAX 18580 01/09/2026 12/11/2025 2 09/19/2020 Books
        Naharkatiya College Library Naharkatiya College Library General stacks 09/19/2020 5 320.954 | LAX 18581 04/07/2026 04/07/2026 1 09/19/2020 Books